Music Quiz

Random Music or Rap Quiz

Opening Rap lyrics Quiz Stats

Quiz not verified by Sporcle

Challenge
Share
Tweet
Embed
Score 0/10 Timer 05:00
0 Plays Today
Opening line Name of song % Correct
I don't know what you heard about me but a bitch can't get a dollar out of meP.I.M.P
66%
These ideas are nightmares to white parentsSing for the moment
51%
She dont believe in Shooting stars but she believe in shoes and carsFlashing lights
49%
I could put you in log cabin somewhere in aspenCant believe it
42%
A fresh cool young lu, trying to cash his microphone check 2, 1, 2Superstar
36%
Unf*ckin' believable Lil' wayne's the presidentI'm Me
33%
It was a clear black night, a clear white moonRegulators
26%
Now tuned in to the Motherf*ckin greatestDirt off ya shoulder
18%
Put ya cups up, get ya smoke inBad Intentions
4%
Vision dreams of passion, and all the while I think of youWhite lines
4%

You're not logged in!

Compare scores with friends on all Sporcle quizzes.
Join for Free
OR
Log In

You Might Also Like...

Show Comments

Extras

Created Nov 16, 2010ReportNominate
Tags:Rap Quiz, 2000, onward, rapper

Top Quizzes Today


Score Distribution

Your Account Isn't Verified!

In order to create a playlist on Sporcle, you need to verify the email address you used during registration. Go to your Sporcle Settings to finish the process.

Report this User

Report this user for behavior that violates our Community Guidelines.

Details: